تحميل...
Aakasam Nashtapetunna India/
| المؤلف الرئيسي: | |
|---|---|
| التنسيق: | Printed Book |
| منشور في: |
Kozhikode:
Lipi Publications,
2006.
|
| الموضوعات: |
| LEADER | 00554nam a22001697a 4500 | ||
|---|---|---|---|
| 999 | |c 145489 |d 145489 | ||
| 020 | |a 9798188801359 | ||
| 082 | |a M4 |b SUK/A | ||
| 100 | |a Sukumar Azheekode | ||
| 245 | |a Aakasam Nashtapetunna India/ |c by Sukumar Azheekode | ||
| 260 | |a Kozhikode: |b Lipi Publications, |c 2006. | ||
| 300 | |a 192p. | ||
| 650 | |a Essays Malayalam | ||
| 650 | |a Literature Malayalam | ||
| 650 | |a Literature | ||
| 942 | |c BK | ||
| 952 | |0 0 |1 0 |4 0 |6 M_4_000000000000000_SUK_A |7 0 |9 103968 |a SSUS |b SSUS |c STACKS |d 2020-11-04 |g 100.00 |o M4 SUK/A |p 100848 |r 2020-11-04 |w 2020-11-04 |y BK | ||